Statistics for Family Guy Characters Quiz

Click here to take the quiz!

General Stats

  • This quiz has been taken 1,906 times
    (1,867 since last reset)
  • The average score is 17 of 33

Answer Stats

Voice Actor/ActressCharacter% Correct
Seth MacFarlanePeter Griffin
99%
Brian Griffin
97%
Mila KunisMeg Griffin
97%
Stewie Griffin
96%
Seth GreenChris Griffin
95%
Alex BorsteinLois Griffin
94%
Patrick WarburtonJoe Swanson
91%
Mike HenryCleveland Brown
88%
Glenn Quagmire
88%
Adam WestMayor Adam West
82%
Jennifer TillyBonnie Swanson
77%
Carter Pewterschmidt
64%
John G BrennanMort Goldman
61%
Herbert
60%
Loretta Brown
59%
Tom Tucker
57%
Neil Goldman
44%
Lori AlanDiane Simmons
43%
Dr Elmer Hartman
37%
Barbara Pewterschmidt
34%
Seamus
32%
Phil LaMarrOllie Williams
29%
Tricia Takanawa
27%
Consuela
21%
Greased-Up Deaf Guy
20%
Nicole SullivanMuriel Goldman
18%
Bruce
15%
H.Jon BenjaminCarl
15%
Wallace ShawnBertram
13%
Christine LakinJoyce Kinney
13%
Horace
12%
Jake Tucker
11%
Judge
5%

Score Distribution

Percentile by Number Answered

Percent of People with Each Score

Your Score History

You have not taken this quiz since the last reset